[Event "RSA-chT U12"]
[Site "Cape Town"]
[Date "2016.01.06"]
[Round "5.8"]
[White "Mathew, Asish"]
[Black "Pretorius, Henri"]
[Result "1-0"]
[WhiteElo "712"]
[BlackElo "908"]
[PlyCount "61"]
[EventDate "2016.01.04"]
[EventType "team-tourn"]
[EventRounds "7"]
[EventCountry "RSA"]
[SourceTitle "CBM 170 Extra"]
[Source "ChessBase"]
[SourceDate "2016.02.25"]
[SourceVersion "1"]
[SourceVersionDate "2016.02.25"]
[SourceQuality "1"]
[WhiteTeam "Kenneth Kaunda"]
[BlackTeam "Buffalo City"]
[WhiteTeamCountry "RSA"]
[BlackTeamCountry "RSA"]

1. d4 e6 2. c4 Nf6 3. Nc3 Bb4 4. Bd2 0-0 5. e3 Nc6 6. Be2 b6 7. Qc2 Bb7 8. Nf3 Nb8 9. Na4 Bxd2+ 10. Qxd2 Ne4 11. Qc2 Qf6 12. Nc3 Qg6 13. Nh4 Qg5 14. Nf3 Qg6 15. Ne5 Qf5 16. Bg4 Qf6 17. Nxe4 Bxe4 18. Qxe4 Na6 19. Nxd7 Qg6 20. Qxg6 hxg6 21. Nxf8 Rxf8 22. a3 f5 23. Bf3 f4 24. e4 c6 25. d5 Nc5 26. dxc6 Nb3 27. Rd1 Rc8 28. e5 Rc7 29. Rd7 Na5 30. Rxc7 Nxc6 31. Rxc6 1-0